000 00730nam a22001815i 4500
001 164102
003 ES-MaACL
005 20250629063141.0
008 950206s1868 sp |||| | spa d
040 _aAS
_bspa
100 1 _aRubió y Ors, Joaquín,
_d1818-1899
_9132151
245 1 0 _aApuntes para una historia de la sátira en algunos pueblos be [sic] la antiguedad y de la Edad Media
_b: discursos leidos en el Ateneo Catalan /
_cpor Joaquín Rubió y Ors.
260 _aBarcelona :
_b[s.n.],
_c1868 (
_fImprenta de Magriñá y Subirana)
300 _a238 p. ;
_c20 cm.
650 4 _aSátira-
_yHasta el S. XVI-
_vHistoria y crítica.
_9136895
852 _aES-MaACL
_jG-8949
_z-- Enc. hol.
999 _c164102
_d164102